000
00241nam a2200109Ia 4500
008
190216s9999||||xx |||||||||||||| ||und||
100
_a
Bhabatosh Banerjee
245
0
_a
Cost Accounting
260
_b
Null
_c
1977
300
_a
1659p
942
_c
BK
999
_c
4105
_d
4105